000 00801nam a2200229 a 4500
001 64058
003 BD-RjUL
005 20211209081251.0
008 170208s2008 bg a|||| |||| 00| f ben d
020 _a9847016700026
_c: Tk. 75.00
035 _a(BD-RjUL)64188
040 _aBD-RjUL
_bben
_cBD-RjUL
_dBD-RjUL
041 _aben
082 _223
_a891.443
_bMAG 2008
100 _aমাহমুদ, অনীক
_9171024
245 1 0 _aগাজীমামার বৈঠকি গল্প /
_cঅনীক মাহমুদ
260 _aঢাকা :
_bরহমান বুকস,
_c২০০৮
300 _a৮৮ পৃ. :
_bচিত্র ;
_c২২ সেমি.
650 _aবাংলা ছোটগল্প
_9170454
650 _aBengali Short story
_9184141
942 _2ddc
_cBK
999 _c64058
_d64058